000 00425nam a2200169Ia 4500
005 20260330112704.0
008 260330s9999||||xx |||||||||||||| ||und||
020 _a9789585867116
041 _aspa
100 _aMorosoli, Juan Jose
245 0 _aTierra Y Tiempo /
_cJuan Jose Morosoli
250 _a1 ed.
260 _aColombia :
_bAnimal Extinto Editorial.
_c2015
300 _a197 p.
650 _aCUENTO
942 _cBKL
999 _c1708
_d1708